If Flags Were... Based on Renamed Countries - Statistics

General Stats
  • This quiz has been taken 765 times
  • The average score is 9 of 10
Answer Stats
Question Answer % Correct
Horse Korea
98%
Mc Edonia
97%
Michael Jordan
95%
Germoney
95%
Zombiebwe
95%
Mouse Africa
95%
Can Ad
94%
Sworden
94%
Audi Arabia
93%
UK Rain
58%
No matching quizzes found
Score Distribution
Percent of People with Each Score
Percentile by Number Answered
Your Score History
You have not taken this quiz